Statistiques concernant Les Easter-Eggs du MCU #1

Cliquez ici pour prendre le quiz!

Statistiques générales

  • Ce quiz a été pris 45 fois
  • Le résultat moyen est 3 sur 8

Statistiques - réponses

Explication de l'Easter-Egg (pour la culture)Film% Correct
Apparition d'un certain Aaron Davis,
qui n'est autre que l'oncle d'un héros bien connu des fans...
Spider-Man: Homecoming
68%
Un plan montre le casque original du Ant-Man de Hank Pym.Avengers: Endgame
62%
Caméo de Stan Lee. Après avoir bu de l’alcool fort Asgardien,
le célèbre scénariste de chez Marvel Comics est évacué en prononçant
une expression qu’il employait souvent : « Excelsior ! »
Avengers : L'Ère d'Ultron
57%
Un artéfact puissant est utilisé lors d'une scène de combat.
Il est nommé "Bâton du Tribunal Vivant". C'est une référence directe
au personnage des Comics du même nom.
Doctor Strange
35%
Dans ce film, le père de l’antagoniste du film n’est autre qu’un scientifique
nommé Elihas Starr. C’est un super-villain récurrent des Comics surnommé
Egghead, bien qu’il ne soit pas cité ainsi dans le film.
Ant-Man et la Guêpe
30%
On aperçoit dans ce film un hôtel nommé Milgrom Hotel.
C'est une référence directe à l'artiste Al Milgrom, qui a écrit
de nombreux Comics de la série West Coast Avengers.
Ant-Man
16%
Durant le film, on aperçoit sur un tableau noir l’expression suivante : « Kyle + Yost = X ».
C’est une référence directe à Craig Kyle et Christopher Yost, personnalités connues
des Comics Marvel, notamment en tant que créateur du personnage d’X-23.
Thor : Le Monde des ténèbres
16%
Un collègue mange une pizza au bureau. Il s'agit d'un certain
Amadeus Cho...
L'Incroyable Hulk
8%

Distribution des résultats

Percentile par nombre de réponses

% des personnes avec chaque résultat

Votre développement - résultats

Vous n’avez pas pris ce quiz